Do you have a duty to warn? (Record no. 75052)
[ view plain ]
| 000 -LEADER | |
|---|---|
| fixed length control field | 01128cab a2200205 4500 |
| 001 - CONTROL NUMBER | |
| control field | L129300 |
| 008 - FIXED-LENGTH DATA ELEMENTS--GENERAL INFORMATION | |
| fixed length control field | 050408n2005 000 0 eng u |
| 035 ## - SYSTEM CONTROL NUMBER | |
| System control number | (Sirsi) u129300 |
| 041 ## - LANGUAGE CODE | |
| Language code of text/sound track or separate title | eng |
| 100 ## - MAIN ENTRY--PERSONAL NAME | |
| Personal name | Dodsworth, Catriona |
| 245 ## - TITLE STATEMENT | |
| Title | Do you have a duty to warn? |
| 260 ## - PUBLICATION, DISTRIBUTION, ETC. | |
| Date of publication, distribution, etc. | 2005 |
| 490 ## - SERIES STATEMENT | |
| Series statement | Construction News |
| Volume/sequential designation | (6909) 24 March 2005, 15(1) |
| 520 ## - SUMMARY, ETC. | |
| Summary, etc. | Discusses the issues involving the duty to warn with regard to English law. Notes that there is no general duty to warn but this does not mean that it cannot be found to exist in certain circumstances. This could apply to the recent disclosure that a Larfarge cement works had been supplying substandard cement for projects in southern England as liability can apply to a contractor or subcontractor who fails to warn of a defect which subsequently caused personal injury or damage to property. |
| 590 ## - LOCAL NOTE (RLIN) | |
| Local note | IKA150405 |
| 650 ## - SUBJECT ADDED ENTRY--TOPICAL TERM | |
| Topical term or geographic name entry element | PLANT CONSTRUCTION PLC V CLIVE ADAM ASSOCIATES AND ANOTHER |
| 650 ## - SUBJECT ADDED ENTRY--TOPICAL TERM | |
| Topical term or geographic name entry element | STAG LINE V TYNE SHIP REPAIR GROUP AND ANOTHER |
| 690 ## - LOCAL SUBJECT ADDED ENTRY--TOPICAL TERM (OCLC, RLIN) | |
| Topical term or geographic name as entry element | BUILT ENVIRONMENT-CONSTRUCTION MANAGEMENT-BUILDING CONTRACT ADMINISTRATION |
| 942 ## - ADDED ENTRY ELEMENTS (KOHA) | |
| Suppress in OPAC | 0 |
| Withdrawn status | Lost status | Source of classification or shelving scheme | Damaged status | Not for loan | Home library | Current library | Shelving location | Date acquired | Total Checkouts | Full call number | Barcode | Date last seen | Copy number | Price effective from | Koha item type |
|---|---|---|---|---|---|---|---|---|---|---|---|---|---|---|---|
| Dewey Decimal Classification | London | London | Journal article | 08/04/2005 | L129300 | 129300-1001 | 06/08/2019 | 1 | 06/08/2019 | Journal article |